| 000 | 00652nam a22002057a 4500 | ||
|---|---|---|---|
| 005 | 20170811124719.0 | ||
| 010 | _aENG-119753 | ||
| 020 |
_a8184083750 _c995.00 |
||
| 035 | _aEN-103285 | ||
| 037 | _bDBAD/PUB | ||
| 082 | _a394.26 | ||
| 100 | _aSingh, Chitralekha | ||
| 245 |
_aHindu manners, customs and ceremonies / _cby Chitralekha Singh [and] Prem Nath |
||
| 260 |
_aNew Delhi _bIndiana Publishing House _c2015 |
||
| 270 |
_a2/13 Ansari Road, Darya Ganj _bNew Delhi _e110002 |
||
| 300 |
_avii,190.: _bill. _c22cm(Hb) |
||
| 500 | _aIncludes bibliographical references | ||
| 700 | _aNath, Prem | ||
| 942 |
_2ddc _cEN _h394.26 _mSIN |
||
| 999 |
_c143277 _d143277 |
||